[Event "Freytag Checkmate Open"]
[Site "Adelaide"]
[Date "2008.07.05"]
[Round "2"]
[White "Freytag, Justin"]
[Black "Rigo, Bernard"]
[Result "0-1"]
[PlyCount "38"]
[WhiteElo "2073"]
[BlackElo "1820"]

{159MB, Fritz11.ctg}

1. e4 e5 2. f4 exf4 3. Bc4 d6 4. d4 Qh4+ 5. Kf1 g5 6. Nf3 Qh5 7. h4 h6 8. Nc3
c6 9. e5 d5 10. Bxd5 cxd5 11. Nxd5 Na6 12. Qe2 Bd7 13. e6 fxe6 14. Qe5 Rh7 15.
Nxf4 Qg4 16. hxg5 O-O-O 17. g6 Re7 18. Qa5 Bg7 19. Rh5 Bc6 0-1

[Event "Freytag Checkmate Open"]
[Site "Adelaide"]
[Date "2008.07.05"]
[Round "2"]
[White "Dyer, Alastair"]
[Black "McKenzie, Mark"]
[Result "1-0"]
[PlyCount "27"]
[WhiteElo "1708"]
[BlackElo "1145"]

{159MB, Fritz11.ctg}

1. e4 e6 2. d4 d5 3. Nc3 Bb4 4. e5 Ne7 5. Qg4 O-O 6. Bd3 g6 7. Bg5 Nbc6 8. Nf3
Qd7 9. Bf6 Nf5 10. Qh3 Be7 11. g4 Ng7 12. Ng5 h5 13. gxh5 Nxh5 14. Qxh5 1-0

[Event "Freytag Checkmate Open"]
[Site "Adelaide"]
[Date "2008.07.05"]
[Round "2"]
[White "Christensen, Joshua"]
[Black "Brown, Andrew"]
[Result "0-1"]
[PlyCount "62"]
[WhiteElo "1624"]
[BlackElo "1925"]

{159MB, Fritz11.ctg}

1. d4 Nf6 2. c4 g6 3. Nc3 Bg7 4. e4 d6 5. Nf3 O-O 6. Be2 e5 7. dxe5 dxe5 8.
Qxd8 Rxd8 9. Bg5 c6 10. Nxe5 Re8 11. O-O-O Nxe4 12. Nxe4 Bxe5 13. f4 Bf5 14.
Bf3 Bxe4 15. Bxe4 Bc7 16. Bf3 Na6 17. Rd7 Rac8 18. Rhd1 Nc5 19. R7d2 f6 20. Bh6
a5 21. h4 f5 22. h5 Re3 23. hxg6 hxg6 24. Kc2 Rce8 25. Rh1 a4 26. Bd1 R8e4 27.
g4 Rxc4+ 28. Kb1 Bxf4 29. Rd8+ Kf7 30. gxf5 Rc1+ 31. Kxc1 Rc3+ 0-1

[Event "Freytag Checkmate Open"]
[Site "Adelaide"]
[Date "2008.07.05"]
[Round "2"]
[White "Chapman, Mark"]
[Black "Saint, Andrew"]
[Result "1-0"]
[PlyCount "65"]
[WhiteElo "2303"]
[BlackElo "1922"]

{159MB, Fritz11.ctg}

1. e4 d5 2. exd5 Nf6 3. d4 Bg4 4. Nf3 Qxd5 5. Be2 Nc6 6. c4 Qh5 7. Be3 O-O-O 8.
Qa4 e5 9. d5 e4 10. dxc6 exf3 11. cxb7+ Kxb7 12. Qxa7+ Kc8 13. Qa6+ Kd7 14.
gxf3 Bxf3 15. Nc3 Bxe2 16. Qa4+ Kc8 17. Nxe2 Qf3 18. Rg1 Qb7 19. c5 Nd5 20.
O-O-O c6 21. Bd4 f6 22. Rg3 Qb5 23. Qxb5 cxb5 24. Rb3 b4 25. a3 bxa3 26. Rxa3
Kb7 27. Rdd3 g6 28. Rdb3+ Kc6 29. Ra6+ Kc7 30. Kb1 Bh6 31. Bc3 Ra8 32. Ba5+ Kd7
33. Rb7+ 1-0

[Event "Freytag Checkmate Open"]
[Site "Adelaide"]
[Date "2008.07.05"]
[Round "1"]
[White "Zaric, Srboljub"]
[Black "Milton, Anthony W"]
[Result "1-0"]
[PlyCount "85"]
[WhiteElo "2101"]
[BlackElo "1548"]

1. e4 c5 2. Nf3 d6 3. d4 cxd4 4. Nxd4 Nf6 5. Nc3 g6 6. f3 Bg7 7. Be3 O-O 8. Qd2
Nc6 9. Bc4 Ne5 10. Bb3 Bd7 11. Bh6 Bh8 12. Bxf8 Kxf8 13. Nd5 Nxd5 14. Bxd5 e6
15. Bb3 a5 16. a4 Rc8 17. c3 d5 18. exd5 exd5 19. O-O Qh4 20. Rae1 Nc4 21. Bxc4
Rxc4 22. f4 Bxa4 23. g3 Qd8 24. f5 Qb6 25. fxg6 hxg6 26. Kh1 Bxd4 27. cxd4 Rxd4
28. Qh6+ Kg8 29. Rxf7 Kxf7 30. Rf1+ Ke7 31. Qf8+ Kd7 32. Rf7+ Kc6 33. Rf6+ Kb5
34. Rxb6+ Kxb6 35. Qd8+ Ka6 36. Qf6+ Bc6 37. Qxd4 a4 38. h4 b5 39. g4 b4 40. h5
a3 41. bxa3 gxh5 42. gxh5 bxa3 43. h6 1-0

[Event "Freytag Checkmate Open"]
[Site "Adelaide"]
[Date "2008.07.05"]
[Round "1"]
[White "Xie, George"]
[Black "Jackson, Ralph E"]
[Result "0-1"]
[PlyCount "78"]
[WhiteElo "2449"]
[BlackElo "1899"]

1. e4 g6 2. d4 Bg7 3. Nc3 c6 4. f4 d5 5. e5 Nh6 6. Nf3 f6 7. Bd3 O-O 8. O-O Qb6
9. Na4 Qa5 10. Nc5 Qc7 11. Qe1 b6 12. exf6 Rxf6 13. Nb3 c5 14. dxc5 bxc5 15. c4
Na6 16. Bd2 d4 17. Ba5 Qxf4 18. Qxe7 Bf8 19. Qe4 Qb8 20. Qh4 Bg7 21. Ng5 Rxf1+
22. Rxf1 Bf5 23. Be4 Bxe4 24. Qxe4 Qe8 25. Qd5+ Kh8 26. Re1 Qg8 27. Ne6 Re8 28.
Nbxc5 Nxc5 29. Nxc5 Rxe1+ 30. Bxe1 Qf8 31. Bf2 Qf4 32. g3 Qc1+ 33. Kg2 Qxb2 34.
Qd8+ Ng8 35. Ne6 Bf6 36. Qa5 d3 37. Qd5 d2 38. Nf4 Qxa2 39. Kf3 Qc2 0-1

[Event "Freytag Checkmate Open"]
[Site "Adelaide"]
[Date "2008.07.05"]
[Round "1"]
[White "West, Guy"]
[Black "Stojic, Svetozar"]
[Result "1-0"]
[PlyCount "75"]
[WhiteElo "2310"]
[BlackElo "1836"]

1. d4 Nf6 2. Bg5 c5 3. Nc3 Qb6 4. d5 Qxb2 5. Bd2 Qb6 6. e4 d6 7. f4 Bg4 8. Be2
Bxe2 9. Qxe2 e5 10. fxe5 dxe5 11. Rb1 Qa6 12. Nf3 Nbd7 13. Qxa6 bxa6 14. Bg5
Be7 15. Rb7 Kd8 16. Ke2 Kc8 17. Rhb1 Re8 18. Bxf6 Bxf6 19. Nd2 Bd8 20. Nc4 Bc7
21. R7b3 Rb8 22. Rxb8+ Nxb8 23. Kd3 Nd7 24. Rb3 Nb6 25. Ra3 g6 26. Rxa6 Kb8 27.
Nb5 Nxc4 28. Kxc4 Bb6 29. g4 f5 30. gxf5 gxf5 31. Nd6 Rg8 32. Nxf5 Rg2 33. d6
Rxc2+ 34. Kd5 Rd2+ 35. Kc6 c4 36. d7 c3 37. Rxb6+ axb6 38. Nd6 1-0

[Event "Freytag Checkmate Open"]
[Site "Adelaide"]
[Date "2008.07.05"]
[Round "1"]
[White "Toth, Andras"]
[Black "Zulfic, Fedja"]
[Result "1-0"]
[PlyCount "53"]
[WhiteElo "2401"]
[BlackElo "1856"]

1. d4 d5 2. c4 e6 3. Nc3 f5 4. Bf4 c6 5. e3 Nf6 6. Qc2 Be7 7. Bd3 Ne4 8. Nf3
Nd7 9. h3 Ndf6 10. O-O O-O 11. Ne5 g5 12. Bh2 Qe8 13. f3 Nxc3 14. Qxc3 dxc4 15.
Bxc4 Nd5 16. Qd2 b5 17. Bb3 Nb6 18. Rac1 Bd7 19. Nd3 h5 20. Be5 Qg6 21. Rfe1 g4
22. Nf4 Qf7 23. fxg4 hxg4 24. hxg4 fxg4 25. Qe2 Qh7 26. Qxg4+ Kf7 27. Nxe6 1-0

[Event "Freytag Checkmate Open"]
[Site "Adelaide"]
[Date "2008.07.05"]
[Round "1"]
[White "Szuveges, Narelle S"]
[Black "Rujevic, Mirko"]
[Result "0-1"]
[PlyCount "88"]
[WhiteElo "1711"]
[BlackElo "2207"]

1. d4 g6 2. c4 Bg7 3. Nc3 d6 4. Nf3 Nf6 5. h3 O-O 6. Bf4 Nc6 7. e3 Re8 8. Be2
h6 9. O-O Nd7 10. Bh2 e5 11. d5 Ne7 12. Qc2 f5 13. Rfd1 a6 14. Rac1 g5 15. Nd2
Nf6 16. Nf1 Rf8 17. b4 f4 18. e4 h5 19. f3 g4 20. fxg4 hxg4 21. hxg4 Nxg4 22.
Bf3 Ng6 23. Qe2 Qg5 24. Rd2 Nh4 25. Kh1 Rf6 26. Nd1 Rh6 27. Nf2 Nxf3 28. gxf3
Ne3 29. Nxe3 fxe3 30. Rdc2 exf2 31. Qxf2 Bh3 32. c5 Rf8 33. Rg1 Qh5 34. Rg3
Rhf6 35. Qg1 R6f7 36. Rf2 Kh7 37. Rg5 Qh4 38. Qg3 Qxg3 39. Rxg3 Bd7 40. Kg1 Bh6
41. Kg2 Bf4 42. Rh3+ Bxh3+ 43. Kxh3 Bxh2 44. Rxh2 Rg7 0-1

[Event "Freytag Checkmate Open"]
[Site "Adelaide"]
[Date "2008.07.05"]
[Round "1"]
[White "Stevens, Tristan"]
[Black "Tan, Peter"]
[Result "1-0"]
[PlyCount "33"]
[WhiteElo "1965"]
[BlackElo "1236"]

1. e4 e5 2. Nf3 Nc6 3. Nc3 Bc5 4. Nxe5 Nxe5 5. d4 Bxd4 6. Qxd4 f6 7. f4 Nc6 8.
Qf2 f5 9. exf5 d5 10. Qe2+ Nge7 11. f6 gxf6 12. Qh5+ Kf8 13. Bd3 f5 14. Be3 d4
15. Bc4 Ng6 16. Qh6+ Ke8 17. O-O-O 1-0

[Event "Freytag Checkmate Open"]
[Site "Adelaide"]
[Date "2008.07.05"]
[Round "1"]
[White "Scott, Ronald"]
[Black "Garcia-Blanco, Miguel"]
[Result "1-0"]
[PlyCount "37"]
[WhiteElo "2241"]
[BlackElo "1733"]

1. Nf3 Nf6 2. c4 c6 3. d4 d5 4. cxd5 cxd5 5. Nc3 Nc6 6. Bf4 Bf5 7. e3 e6 8. Bb5
Bd6 9. Qa4 O-O 10. Bxc6 bxc6 11. Bxd6 Qxd6 12. O-O Rfb8 13. b3 c5 14. Rac1 a6
15. Qa3 Rc8 16. Na4 Bd3 17. Rfd1 Bb5 18. dxc5 Qc6 19. Nb6 1-0

[Event "Freytag Checkmate Open"]
[Site "Adelaide"]
[Date "2008.07.05"]
[Round "1"]
[White "Sandler, Leonid"]
[Black "Oliver, Shannon"]
[Result "1-0"]
[PlyCount "63"]
[WhiteElo "2282"]
[BlackElo "1799"]

1. Nf3 Nf6 2. c4 g6 3. Nc3 Bg7 4. d4 O-O 5. g3 d6 6. Bg2 Nbd7 7. O-O e5 8. e4
a6 9. h3 Qe8 10. Re1 Nb8 11. Be3 Nc6 12. d5 Ne7 13. c5 a5 14. Nd2 Qd8 15. cxd6
cxd6 16. Nc4 Ra6 17. Qb3 Qd7 18. Nb6 Rxb6 19. Qxb6 Ne8 20. Bf1 Kh8 21. Rac1 Ng8
22. Nb5 f5 23. Na7 f4 24. Rxc8 fxe3 25. Rxe3 Qf7 26. Re2 Ngf6 27. Bg2 Nd7 28.
Qxb7 Bh6 29. Nb5 Kg7 30. Rd8 Nc5 31. Qxf7+ Kxf7 32. Nxd6+ 1-0

[Event "Freytag Checkmate Open"]
[Site "Adelaide"]
[Date "2008.07.05"]
[Round "1"]
[White "Russell, Luthien"]
[Black "Freytag, Justin"]
[Result "1-0"]
[PlyCount "69"]
[WhiteElo "1528"]
[BlackElo "2073"]

1. e4 c5 2. Nf3 Nc6 3. d4 cxd4 4. Nxd4 Nf6 5. Nc3 e6 6. Be3 Bb4 7. Bd3 d5 8.
exd5 Nxd5 9. Nxc6 bxc6 10. Bd2 Bxc3 11. bxc3 Qf6 12. c4 Qe5+ 13. Be2 Nc3 14.
Bxc3 Qxc3+ 15. Kf1 Ba6 16. Qe1 Qxe1+ 17. Rxe1 Ke7 18. f3 Rab8 19. Bd3 Rb2 20.
Ra1 Rhb8 21. a3 Rb1+ 22. Ke2 R1b2 23. Kd2 g6 24. Kc3 e5 25. Rhe1 Kf6 26. Be4
Ke6 27. f4 f5 28. Bxc6 Bxc4 29. Rxe5+ Kf6 30. Ba4 Bf7 31. Bb3 R8xb3+ 32. cxb3
Rxg2 33. Rd1 Rxh2 34. Rd6+ Kg7 35. Rd7 1-0

[Event "Freytag Checkmate Open"]
[Site "Adelaide"]
[Date "2008.07.05"]
[Round "1"]
[White "Rigo, Bernard"]
[Black "Chapman, Mark"]
[Result "1/2-1/2"]
[PlyCount "70"]
[WhiteElo "1820"]
[BlackElo "2303"]

1. e4 e5 2. d4 exd4 3. Qxd4 Nc6 4. Qa4 Nf6 5. Bg5 Bc5 6. Nf3 h6 7. Bh4 O-O 8.
Nc3 Bb4 9. O-O-O Bxc3 10. bxc3 Re8 11. Bd3 g5 12. Bg3 b5 13. Bxb5 Rxe4 14. Nd4
Nxd4 15. Rxd4 Bb7 16. f3 Rxd4 17. Qxd4 c5 18. Qd6 Qb6 19. Rd1 Re8 20. Qxb6 axb6
21. Bxd7 Re7 22. Rd6 Nd5 23. c4 Nb4 24. Rxb6 Ba6 25. Bb5 Bxb5 26. Rxb5 Nxa2+
27. Kb2 Nb4 28. Kb3 Nxc2 29. Rxc5 Nd4+ 30. Kc3 Ne6 31. Rc8+ Kg7 32. c5 f5 33.
Bd6 Rf7 34. c6 f4 35. Re8 Kf6 1/2-1/2

[Event "Freytag Checkmate Open"]
[Site "Adelaide"]
[Date "2008.07.05"]
[Round "1"]
[White "Oliver, Tamzin"]
[Black "Mdinaradze, Edgar"]
[Result "0-1"]
[PlyCount "90"]
[WhiteElo "1445"]
[BlackElo "1975"]

1. e4 d6 2. d4 g6 3. Nf3 Bg7 4. Nc3 Nf6 5. Be2 c5 6. O-O cxd4 7. Nxd4 Nc6 8.
Nf3 O-O 9. h3 Be6 10. Kh1 Nd7 11. Nd2 Nc5 12. f4 Nd4 13. Bd3 Qc8 14. Ne2 Nxd3
15. Nxd4 Bxd4 16. cxd3 Bxh3 17. Nb3 Bb6 18. d4 Bg4 19. Qe1 a5 20. d5 a4 21. Nd2
e6 22. dxe6 Qxe6 23. Qg3 f5 24. exf5 gxf5 25. Nf3 Rf6 26. Bd2 Rh6+ 27. Nh2 Qf7
28. Be3 Bd8 29. Bg1 Bf6 30. Qf2 a3 31. Rab1 axb2 32. Qb6 Rxa2 33. Rfe1 Ra1 34.
Qxd6 Rxb1 35. Rxb1 Rg6 36. Qb8+ Kg7 37. Qa7 Qd7 38. Qf2 h5 39. Qe1 h4 40. Qf2
h3 41. Nxg4 hxg2+ 42. Qxg2 Rxg4 43. Qf3 Qc6 44. Qxc6 bxc6 45. Be3 Kf7 0-1

[Event "Freytag Checkmate Open"]
[Site "Adelaide"]
[Date "2008.07.05"]
[Round "1"]
[White "Oliver, Gareth"]
[Black "Dyer, Alastair"]
[Result "1-0"]
[PlyCount "37"]
[WhiteElo "2160"]
[BlackElo "1708"]

1. d4 d5 2. c4 e6 3. Nf3 Nf6 4. Nc3 c6 5. e3 Nbd7 6. Qc2 Bd6 7. Bd3 O-O 8. O-O
b6 9. e4 dxe4 10. Nxe4 Bc7 11. Bg5 h6 12. Bh4 Bb7 13. Rad1 Qe7 14. Rfe1 Rac8
15. Ne5 Rfd8 16. Qc1 c5 17. Nxd7 Rxd7 18. Nxf6+ gxf6 19. Qxh6 1-0

[Event "Freytag Checkmate Open"]
[Site "Adelaide"]
[Date "2008.07.05"]
[Round "1"]
[White "Memedi, Sam"]
[Black "Hacche, David J"]
[Result "0-1"]
[PlyCount "58"]
[WhiteElo "1627"]
[BlackElo "2127"]

1. e4 c5 2. Nf3 Nc6 3. Bb5 e6 4. d4 cxd4 5. Bxc6 bxc6 6. Qxd4 d5 7. Qa4 Bd7 8.
Ne5 Bd6 9. Bf4 Bxe5 10. Bxe5 Qg5 11. Qd4 c5 12. f4 Qxg2 13. Rg1 Qxh2 14. Qxc5
Rc8 15. Qf2 Qxf2+ 16. Kxf2 Rxc2+ 17. Ke3 f6 18. Bc3 Ne7 19. Nd2 dxe4 20. Rxg7
Nf5+ 21. Kxe4 Nxg7 22. Kd3 Rxc3+ 23. Kxc3 Nf5 24. Ne4 Ke7 25. Rd1 h5 26. Nc5
Bc6 27. b4 h4 28. a4 h3 29. b5 Bd5 0-1

[Event "Freytag Checkmate Open"]
[Site "Adelaide"]
[Date "2008.07.05"]
[Round "1"]
[White "McKenzie, Mark"]
[Black "Kerr, Bill"]
[Result "0-1"]
[PlyCount "56"]
[WhiteElo "1145"]
[BlackElo "1937"]

1. d4 Nc6 2. c4 e5 3. d5 Nce7 4. e4 Ng6 5. Nc3 Bc5 6. Qf3 d6 7. Be3 Bxe3 8.
Qxe3 Nh6 9. h3 f5 10. Nf3 O-O 11. Qg5 Qe8 12. Bd3 Nf4 13. Bc2 fxe4 14. Bxe4 Bf5
15. Nh4 Bxe4 16. Nxe4 Nd3+ 17. Ke2 Nxb2 18. Rab1 Qa4 19. Qc1 Nxc4 20. Nc3 Qa6
21. Ke1 Rf4 22. Nf3 Raf8 23. Ra1 e4 24. Ng5 Ne5 25. Qe3 Nd3+ 26. Kf1 Nf5 27.
Qd2 e3 28. Qc2 Nb4+ 0-1

[Event "Freytag Checkmate Open"]
[Site "Adelaide"]
[Date "2008.07.05"]
[Round "1"]
[White "Hu, Jason"]
[Black "Ivkovic, Novica"]
[Result "1-0"]
[PlyCount "61"]
[WhiteElo "2141"]
[BlackElo "1657"]

1. c4 f5 2. e4 Nf6 3. e5 Ng4 4. d4 g6 5. Be2 Nh6 6. h4 d6 7. exd6 Qxd6 8. h5
Nc6 9. d5 Nd8 10. Nc3 Bd7 11. Be3 Ndf7 12. c5 Qf6 13. Bd4 Qg5 14. Nh3 Qxg2 15.
Bf3 Qxh1+ 16. Bxh1 Rg8 17. c6 bxc6 18. dxc6 Be6 19. Nb5 Kd8 20. Bb6+ Nd6 21.
Bxc7+ Ke8 22. Bxd6 Rd8 23. Nc7+ Kf7 24. Ng5+ Kf6 25. Qd4+ Kxg5 26. Nxe6+ Kxh5
27. Bf3+ Ng4 28. Ke2 g5 29. Bxg4+ fxg4 30. Rh1+ Kg6 31. Qe4+ 1-0

[Event "Freytag Checkmate Open"]
[Site "Adelaide"]
[Date "2008.07.05"]
[Round "1"]
[White "Hoile, Robert"]
[Black "Johansen, Darryl K"]
[Result "0-1"]
[PlyCount "74"]
[WhiteElo "1860"]
[BlackElo "2423"]

1. d4 Nf6 2. c4 c5 3. d5 g6 4. Nc3 d6 5. e4 Bg7 6. f4 e6 7. Nf3 exd5 8. cxd5
O-O 9. Be2 Re8 10. Nd2 Na6 11. O-O Nc7 12. a4 Rb8 13. Re1 a6 14. a5 Bd7 15. Bf3
Bb5 16. Nb3 Nd7 17. Be3 Bc4 18. e5 Bxb3 19. Qxb3 dxe5 20. d6 Ne6 21. fxe5 Nxe5
22. Ne4 Nxf3+ 23. gxf3 Nd4 24. Bxd4 Bxd4+ 25. Kh1 b5 26. Rad1 Qxa5 27. Qd5 Rbd8
28. Rf1 Re6 29. Rxd4 cxd4 30. Qxd4 Rd7 31. Rc1 Qd8 32. Rc6 f5 33. Qc3 fxe4 34.
Rc8 Rexd6 35. Rxd8+ Rxd8 36. fxe4 Rd1+ 37. Kg2 R8d2+ 0-1

[Event "Freytag Checkmate Open"]
[Site "Adelaide"]
[Date "2008.07.05"]
[Round "1"]
[White "Hoff, Michael"]
[Black "Tao, Trevor"]
[Result "0-1"]
[PlyCount "108"]
[WhiteElo "1840"]
[BlackElo "2375"]

1. e4 c6 2. d4 g6 3. c4 d6 4. Nc3 Bg7 5. Be3 Nf6 6. f3 O-O 7. Qd2 a6 8. Bh6 Re8
9. Bxg7 Kxg7 10. g4 e5 11. O-O-O Nfd7 12. g5 Qe7 13. d5 c5 14. h4 Nf8 15. h5
Bd7 16. Nge2 b5 17. Ng3 Kg8 18. Bh3 Bxh3 19. Rxh3 Nbd7 20. Nf5 gxf5 21. exf5 e4
22. Nxe4 Qe5 23. g6 fxg6 24. hxg6 hxg6 25. Rdh1 Re7 26. f6 Nxf6 27. Rh8+ Kf7
28. Ng5+ Ke8 29. Ne6 Rxe6 30. dxe6 Nh5 31. Re1 Qxh8 32. Qxd6 Rc8 33. e7 Qh6+
34. Kb1 Nd7 35. Qxa6 Rb8 36. cxb5 Nhf6 37. a4 Qd2 38. Qe6 Qd3+ 39. Kc1 Qd5 40.
Qh3 Rb6 41. Qh8+ Qg8 42. Qh3 Qf7 43. f4 Ng8 44. Qd3 Qxf4+ 45. Kb1 Qf5 46. Qxf5
gxf5 47. Kc2 Nxe7 48. Kc3 Kd8 49. Kc4 Nc8 50. b4 Nd6+ 51. Kd5 cxb4 52. a5 Rxb5+
53. Kxd6 Rxa5 54. Rh1 Ra6+ 0-1

[Event "Freytag Checkmate Open"]
[Site "Adelaide"]
[Date "2008.07.05"]
[Round "1"]
[White "Hams, Jeffrey"]
[Black "Obst, James"]
[Result "0-1"]
[PlyCount "98"]
[WhiteElo "1769"]
[BlackElo "2250"]

1. d4 Nf6 2. Nf3 e6 3. Bf4 b6 4. e3 Bb7 5. Bd3 Be7 6. h3 O-O 7. Nbd2 c5 8. c3
Nd5 9. Bh2 f5 10. O-O cxd4 11. cxd4 Nc6 12. a3 Qe8 13. Bc4 Nf6 14. Qe2 Nd8 15.
Ba6 Bd5 16. Bc4 Nf7 17. Ne5 Ng5 18. Bxd5 Nxd5 19. Nd3 Rf6 20. Nf4 Nxf4 21. Bxf4
Nf7 22. Nf3 h6 23. Ne5 g5 24. Bh2 d6 25. Nxf7 Qxf7 26. Rac1 f4 27. f3 Bf8 28.
e4 Bg7 29. Kh1 h5 30. Rc6 Rd8 31. Rfc1 Rd7 32. Rc8+ Kh7 33. Qc2 Rg6 34. Rc7
Bxd4 35. Bg1 Rxc7 36. Qxc7 Qxc7 37. Rxc7+ Rg7 38. Rc2 Bxg1 39. Kxg1 Rd7 40. Kf1
Kg7 41. Ke2 Kf6 42. Rc8 Rg7 43. Rd8 g4 44. hxg4 hxg4 45. Rxd6 Ke5 46. Rc6 gxf3+
47. Kxf3 Rg3+ 48. Kf2 Rb3 49. Rc2 Kxe4 0-1

[Event "Freytag Checkmate Open"]
[Site "Adelaide"]
[Date "2008.07.05"]
[Round "1"]
[White "Guo, Emma"]
[Black "Stojic, Dusan"]
[Result "0-1"]
[PlyCount "120"]
[WhiteElo "1683"]
[BlackElo "2142"]

1. e4 c5 2. Nc3 d6 3. f4 Nc6 4. Nf3 g6 5. Bb5 Bd7 6. Bxc6 Bxc6 7. d3 Bg7 8. O-O
Qd7 9. Qe1 b5 10. a3 a5 11. f5 b4 12. Ne2 gxf5 13. Qg3 Bf6 14. e5 dxe5 15. Nxe5
Bxe5 16. Qxe5 Qd5 17. Qxd5 Bxd5 18. Rxf5 e6 19. Rf2 Ne7 20. Be3 bxa3 21. Rxa3
c4 22. Bb6 cxd3 23. cxd3 a4 24. Nc3 Bc6 25. Rf4 Rg8 26. g3 Ng6 27. Rb4 Ne5 28.
Ne4 Rg6 29. Nd6+ Kd7 30. Ne4 f5 31. Nc5+ Ke7 32. Nxa4 Nf3+ 33. Kf2 Nxh2 34.
Bc5+ Kf7 35. Nb6 Ng4+ 36. Kg1 Rxa3 37. bxa3 Rh6 38. Kf1 Rh1+ 39. Ke2 Rh2+ 40.
Kd1 Rg2 41. a4 Rxg3 42. Kc2 h5 43. Bd6 Rg2+ 44. Kb3 h4 45. Rc4 Bf3 46. Rc7+ Kg6
47. Nd7 Bd5+ 48. Kc3 h3 49. Nf8+ Kf6 50. Nh7+ Kg6 51. Nf8+ Kh5 52. Rh7+ Nh6 53.
Bf4 Rg5 54. Bxg5 Kxg5 55. Rg7+ Kh5 56. Rg3 Kh4 57. Rg6 Ng4 58. Rg7 h2 59. a5
Kg3 60. Rh7 f4 0-1

[Event "Freytag Checkmate Open"]
[Site "Adelaide"]
[Date "2008.07.05"]
[Round "1"]
[White "Goldsmith, Alan"]
[Black "Staak, Eric"]
[Result "1-0"]
[PlyCount "55"]
[WhiteElo "2030"]
[BlackElo "1496"]

1. d4 d5 2. c4 e5 3. dxe5 d4 4. e4 Nc6 5. f4 Bb4+ 6. Bd2 f6 7. Nf3 Bg4 8. Qb3
Bxf3 9. gxf3 Bxd2+ 10. Nxd2 Nge7 11. exf6 gxf6 12. O-O-O Na5 13. Qa4+ Nac6 14.
Rg1 Qd6 15. e5 fxe5 16. fxe5 Qh6 17. Kb1 O-O-O 18. Ne4 Qf4 19. Bh3+ Kb8 20. Nc5
Qxf3 21. Qb5 b6 22. Bg2 Qf4 23. Be4 Qxe5 24. Na6+ Kc8 25. Bxc6 Nxc6 26. Qxc6
Rhf8 27. Rg5 Qd6 28. Qa8+ 1-0

[Event "Freytag Checkmate Open"]
[Site "Adelaide"]
[Date "2008.07.05"]
[Round "1"]
[White "Glasson, Benjamin"]
[Black "Nguyen, Thu Giang"]
[Result "0-1"]
[PlyCount "52"]
[WhiteElo "1589"]
[BlackElo "2121"]

1. e4 Nf6 2. e5 Nd5 3. c4 Nb6 4. d4 d6 5. Nf3 Bg4 6. Be2 e6 7. O-O Be7 8. b3
O-O 9. Nc3 Nc6 10. Bb2 dxe5 11. dxe5 Bxf3 12. Bxf3 Nxe5 13. Ne4 Nd3 14. Bc3 c6
15. Qd2 f5 16. Ng3 Nc5 17. Qb2 Bf6 18. Rad1 Qc7 19. Rfe1 Nba4 20. bxa4 Nxa4 21.
Qb3 Nxc3 22. Rd3 Qa5 23. Rxe6 Rf7 24. Rxf6 Ne4 25. Rxf7 Qe1+ 26. Nf1 Qxf2+ 0-1

[Event "Freytag Checkmate Open"]
[Site "Adelaide"]
[Date "2008.07.05"]
[Round "1"]
[White "Dragicevic, Domagoj"]
[Black "Christensen, Joshua"]
[Result "1-0"]
[PlyCount "65"]
[WhiteElo "2125"]
[BlackElo "1624"]

1. Nf3 Nf6 2. g3 c5 3. Bg2 Nc6 4. O-O d6 5. d3 g6 6. c4 Bg7 7. Nc3 O-O 8. Bd2
Bd7 9. Qc1 Rb8 10. Bh6 a6 11. a4 Nb4 12. Qg5 Ng4 13. Bxg7 Kxg7 14. h3 h6 15.
Qd2 Nf6 16. d4 Qc8 17. dxc5 Qxc5 18. b3 Bc6 19. Rac1 Rbd8 20. Qb2 Kh7 21. Rfd1
a5 22. Qb1 Na6 23. e4 Qb6 24. Nd5 Nxd5 25. exd5 Bd7 26. Nd4 Nc5 27. Rd2 f5 28.
Re1 Rde8 29. h4 Rf6 30. Qb2 Rf7 31. Rde2 e5 32. dxe6 Nxe6 33. Nxe6 1-0

[Event "Freytag Checkmate Open"]
[Site "Adelaide"]
[Date "2008.07.05"]
[Round "1"]
[White "Cooke, Tristrom"]
[Black "Lojanica, Milenko"]
[Result "0-1"]
[PlyCount "62"]
[WhiteElo "1495"]
[BlackElo "2016"]

1. e4 c5 2. Bc4 e6 3. Nf3 Nc6 4. Nc3 a6 5. d4 cxd4 6. Nxd4 Qc7 7. Bb3 Nf6 8.
Be3 Bb4 9. f3 Na5 10. Qd3 b5 11. O-O Bb7 12. Nce2 Nc4 13. Bxc4 bxc4 14. Qd1 d5
15. exd5 Nxd5 16. Bf2 O-O 17. Qc1 h6 18. c3 Bd6 19. Bg3 Rab8 20. Bxd6 Qxd6 21.
Ng3 Ba8 22. Rf2 Nf4 23. Rd2 Rbd8 24. Qf1 e5 25. Rad1 exd4 26. Rxd4 Qb6 27. Kh1
Rxd4 28. Rxd4 Ne6 29. Rxc4 Qxb2 30. Ra4 Bc6 31. Rg4 Qxa2 0-1

[Event "Freytag Checkmate Open"]
[Site "Adelaide"]
[Date "2008.07.05"]
[Round "1"]
[White "Cloudsdale, Colin"]
[Black "Griggs, James"]
[Result "1-0"]
[PlyCount "47"]
[WhiteElo "1991"]
[BlackElo "1464"]

1. e4 b6 2. d4 Bb7 3. Nc3 e6 4. Bd3 d5 5. Nf3 Bb4 6. exd5 Bxd5 7. O-O Bxc3 8.
bxc3 Nc6 9. Re1 Nf6 10. Ba3 Ne7 11. c4 Bb7 12. d5 c5 13. dxe6 fxe6 14. Ng5 Qd7
15. Nxe6 Qc6 16. Bf1 Kf7 17. Ng5+ Kf8 18. Re6 Qd7 19. Rxf6+ Ke8 20. Rd6 Qf5 21.
Ne6 Kf7 22. Bb2 h5 23. Bd3 Qg4 24. f3 1-0

[Event "Freytag Checkmate Open"]
[Site "Adelaide"]
[Date "2008.07.05"]
[Round "1"]
[White "Brown, Andrew"]
[Black "Smerdon, David"]
[Result "0-1"]
[PlyCount "110"]
[WhiteElo "1925"]
[BlackElo "2463"]

1. d4 Nf6 2. c4 e6 3. Nf3 c5 4. d5 d6 5. Nc3 exd5 6. cxd5 g6 7. e4 a6 8. a4 Bg4
9. Be2 Bxf3 10. Bxf3 Bg7 11. g3 O-O 12. O-O Nbd7 13. Qe2 Re8 14. Re1 Rb8 15. a5
Qc7 16. Ra4 h5 17. h3 Ne5 18. Bg2 c4 19. Be3 Nfd7 20. f4 Nd3 21. Rd1 f5 22. e5
dxe5 23. d6 Qxd6 24. Bd5+ Kh7 25. Rxc4 e4 26. Nxe4 fxe4 27. Bxe4 Rxe4 28. Rxe4
N7c5 29. Bxc5 Qxc5+ 30. Kg2 Nb4 31. Re7 Nc6 32. Rc7 Qxa5 33. Rdd7 Rg8 34. Qc4
Qe1 35. Rxb7 Na5 36. Qxg8+ Kxg8 37. Rxg7+ Kf8 38. Rbf7+ Ke8 39. Rc7 Qd2+ 40.
Kf3 Qd5+ 41. Kf2 Nc6 42. Rh7 Qd2+ 43. Kf1 Qc1+ 44. Kf2 Qxb2+ 45. Kf1 Qb5+ 46.
Kf2 Qc5+ 47. Kf3 Qd5+ 48. Kf2 Qd4+ 49. Ke2 a5 50. Rhg7 Qe4+ 51. Kd2 Qd5+ 52.
Ke3 Qe6+ 53. Kd2 Nd4 54. Ra7 Qe2+ 55. Kc3 Nb5+ 0-1

[Event "Freytag Checkmate Open"]
[Site "Adelaide"]
[Date "2008.07.05"]
[Round "1"]
[White "Antic, Dejan"]
[Black "Wedding, Robin"]
[Result "1-0"]
[PlyCount "97"]
[WhiteElo "2476"]
[BlackElo "1937"]

1. d4 d5 2. c4 e6 3. Nf3 Nf6 4. g3 Be7 5. Bg2 O-O 6. Qc2 Nbd7 7. O-O a6 8. Nbd2
dxc4 9. Nxc4 c5 10. Rd1 Rb8 11. a4 b6 12. Nfe5 Bb7 13. Bxb7 Rxb7 14. Nc6 Qe8
15. Nxe7+ Qxe7 16. Bf4 Ne8 17. Qe4 Ndf6 18. Qc6 Nd5 19. dxc5 Nxf4 20. gxf4 bxc5
21. Ne5 Nf6 22. Rd2 Nd5 23. Qxa6 Nxf4 24. Kh1 f6 25. Nf3 Rfb8 26. e3 Rb6 27.
Qf1 Qb7 28. Qd1 Nd5 29. a5 Rxb2 30. a6 Rxd2 31. Qxd2 Qc6 32. Kg2 Ra8 33. a7 Qb7
34. e4 Nb6 35. Qd6 Kf7 36. Rb1 Qxe4 37. Qc7+ Kg6 38. Rxb6 Qg4+ 39. Qg3 Qxg3+
40. hxg3 Rxa7 41. Rxe6 Ra2 42. Re3 c4 43. Rc3 Ra4 44. Nd2 Kf5 45. Rxc4 Ra2 46.
Nf3 Ke6 47. Rc6+ Kf7 48. Nh4 g5 49. Nf5 1-0 {Following moves illegible.}